[Event "Saratov 12"]
[Site "Saratov"]
[Date "2009.12.11"]
[Round "8"]
[White "Likhoman, Mikhail"]
[Black "Korovin, Nikita"]
[Result "1/2-1/2"]
[WhiteElo "2156"]
[BlackElo "2038"]
[PlyCount "59"]
[EventDate "2009.12.05"]
[EventType "tourn"]
[EventRounds "10"]
[EventCountry "RUS"]
[SourceTitle "EXT 2012"]
[Source "ChessBase"]
[SourceDate "2011.11.24"]
[SourceVersion "1"]
[SourceVersionDate "2011.11.24"]
[SourceQuality "1"]

1. Nf3 Nf6 2. c4 g6 3. d4 Bg7 4. Nc3 0-0 5. e4 d6 6. Be2 Bg4 7. 0-0 Nfd7 8. Be3 Nc6 9. d5 Bxf3 10. Bxf3 Na5 11. Qa4 Bxc3 12. bxc3 c6 13. Be2 cxd5 14. cxd5 b6 15. Bh6 Re8 16. Bb5 Nc5 17. Qd1 Nd7 18. Qd4 Nf6 19. Bxe8 Qxe8 20. f4 Rc8 21. e5 dxe5 22. fxe5 Rc4 23. Qd3 Ng4 24. Bf4 Qc8 25. d6 exd6 26. exd6 Rxc3 27. Qd5 Nb7 28. d7 Qc5+ 29. Qxc5 Rxc5 30. Rad1 1/2-1/2

[Event "Saratov RCTSGSEU"]
[Site "Saratov"]
[Date "2009.09.24"]
[Round "7"]
[White "Muromtsev, Arthur"]
[Black "Likhoman, Mikhail"]
[Result "1/2-1/2"]
[WhiteElo "2267"]
[BlackElo "2157"]
[PlyCount "56"]
[EventDate "2009.09.17"]
[EventType "swiss"]
[EventRounds "9"]
[EventCountry "RUS"]
[SourceTitle "EXT 2012"]
[Source "ChessBase"]
[SourceDate "2011.11.24"]
[SourceVersion "1"]
[SourceVersionDate "2011.11.24"]
[SourceQuality "1"]

1. e4 e5 2. Nf3 Nc6 3. d4 exd4 4. Nxd4 Nf6 5. Nxc6 bxc6 6. e5 Qe7 7. Qe2 Nd5 8. c4 Ba6 9. g3 g6 10. b3 Bg7 11. Bb2 0-0 12. Bg2 Rfe8 13. f4 f6 14. Qd2 Nb6 15. 0-0 fxe5 16. fxe5 Bxe5 17. Bxe5 Qxe5 18. Nc3 Qe3+ 19. Qxe3 Rxe3 20. Ne4 Rf8 21. Rxf8+ Kxf8 22. Kf2 Rd3 23. Ke2 Rd5 24. Ke3 Re5 25. Kf4 Rf5+ 26. Ke3 d5 27. Nc5 Bc8 28. Kd4 Rf2 1/2-1/2

[Event "Saratov RCTSGSEU"]
[Site "Saratov"]
[Date "2009.09.23"]
[Round "6"]
[White "Likhoman, Mikhail"]
[Black "Borisovsky, Viktor"]
[Result "1/2-1/2"]
[WhiteElo "2157"]
[BlackElo "2060"]
[PlyCount "35"]
[EventDate "2009.09.17"]
[EventType "swiss"]
[EventRounds "9"]
[EventCountry "RUS"]
[SourceTitle "EXT 2012"]
[Source "ChessBase"]
[SourceDate "2011.11.24"]
[SourceVersion "1"]
[SourceVersionDate "2011.11.24"]
[SourceQuality "1"]

1. d4 e6 2. c4 f5 3. Nc3 Nf6 4. Nf3 Bb4 5. g3 Bxc3+ 6. bxc3 0-0 7. Bg2 d6 8. 0-0 Qe7 9. c5 dxc5 10. Ba3 Na6 11. Ne5 Rb8 12. Rb1 Nd7 13. Nxd7 Qxd7 14. dxc5 c6 15. Qb3 Qf7 16. Rfd1 e5 17. Rd6 Re8 18. Qxf7+ 1/2-1/2

[Event "Saratov RCTSGSEU"]
[Site "Saratov"]
[Date "2009.09.19"]
[Round "3"]
[White "Likhoman, Mikhail"]
[Black "Melnik, Roman"]
[Result "1-0"]
[WhiteElo "2157"]
[BlackElo "1936"]
[PlyCount "57"]
[EventDate "2009.09.17"]
[EventType "swiss"]
[EventRounds "9"]
[EventCountry "RUS"]
[SourceTitle "EXT 2012"]
[Source "ChessBase"]
[SourceDate "2011.11.24"]
[SourceVersion "1"]
[SourceVersionDate "2011.11.24"]
[SourceQuality "1"]

1. d4 Nf6 2. c4 c5 3. Nf3 g6 4. Nc3 cxd4 5. Nxd4 d6 6. e4 Bg7 7. Be2 0-0 8. 0-0 Nc6 9. Nc2 Bd7 10. Bg5 Rc8 11. Qd2 Ne5 12. b3 Bc6 13. f3 Nfd7 14. f4 f6 15. Bh4 Nf7 16. Nd4 Qb6 17. Bf2 Nc5 18. Ne6 Rfe8 19. Rad1 Nd8 20. Bg4 f5 21. Nxg7 Kxg7 22. exf5 gxf5 23. Bxf5 e6 24. Bb1 Nf7 25. Qc2 Rh8 26. Bd4+ e5 27. fxe5 dxe5 28. Qf5 Rc7 29. Bxe5+ 1-0

[Event "Saratov-B"]
[Site "Saratov"]
[Date "2009.08.16"]
[Round "9"]
[White "Vetryansky, Vladimir"]
[Black "Likhoman, Mikhail"]
[Result "1/2-1/2"]
[WhiteElo "2176"]
[BlackElo "2176"]
[PlyCount "27"]
[EventDate "2009.08.10"]
[EventType "tourn"]
[EventRounds "13"]
[EventCountry "RUS"]
[SourceTitle "CBM 132 Extra"]
[Source "ChessBase"]
[SourceDate "2009.11.03"]
[SourceVersion "1"]
[SourceVersionDate "2009.11.03"]
[SourceQuality "1"]

1. c4 c5 2. b3 b6 3. Bb2 Bb7 4. d3 d6 5. e4 e5 6. h4 g5 7. h5 h6 8. g4 a5 9. a4 Bg7 10. Bg2 Nc6 11. Nc3 Nd4 12. Nd5 Ne7 13. Ne2 Nxe2 14. Qxe2 1/2-1/2

[Event "Saratov-B"]
[Site "Saratov"]
[Date "2009.08.13"]
[Round "6"]
[White "Likhoman, Mikhail"]
[Black "Terzi, Alexei"]
[Result "1-0"]
[WhiteElo "2176"]
[BlackElo "1806"]
[PlyCount "143"]
[EventDate "2009.08.10"]
[EventType "tourn"]
[EventRounds "13"]
[EventCountry "RUS"]
[SourceTitle "CBM 132 Extra"]
[Source "ChessBase"]
[SourceDate "2009.11.03"]
[SourceVersion "1"]
[SourceVersionDate "2009.11.03"]
[SourceQuality "1"]

1. d4 d5 2. Nf3 Nf6 3. c4 e6 4. g3 a6 5. Qc2 dxc4 6. Qxc4 b5 7. Qc2 Bb7 8. Bg2 Be7 9. 0-0 0-0 10. Bd2 Nc6 11. e3 Nb4 12. Bxb4 Bxb4 13. a3 Be7 14. Nbd2 Rc8 15. b4 h6 16. Ne5 Bxg2 17. Kxg2 Qd5+ 18. f3 c5 19. bxc5 Bxc5 20. Qb2 Bd6 21. e4 Qb7 22. Nd3 Nd7 23. a4 b4 24. Rfc1 Rxc1 25. Rxc1 Nb6 26. a5 Na4 27. Qb3 Qb5 28. Nc4 Be7 29. Nf4 Nc3 30. Rc2 Rc8 31. Ne5 Qxa5 32. Nxf7 Qb6 33. Ne5 a5 34. Nc4 a4 35. Qxc3 Qb5 36. Qd3 b3 37. Rc3 b2 38. Nd2 Qb7 39. Nxe6 Rxc3 40. Qxc3 a3 41. d5 Bb4 42. Qb3 Qb5 43. Nd4 Qc5 44. Nc2 Bxd2 45. Nxa3 Bb4 46. Nc2 Qc3 47. Qxc3 Bxc3 48. Na3 Kf7 49. f4 g5 50. Kf3 Kf6 51. Nb1 Bb4 52. e5+ Kf5 53. g4+ Kg6 54. f5+ Kf7 55. Ke4 Ke7 56. f6+ Kd7 57. Kf5 Bc5 58. Kg6 Bf8 59. Kf7 Bb4 60. e6+ Kd6 61. e7 Kc5 62. e8Q Kc4 63. Qa4 Kd3 64. Qxb4 Kc2 65. d6 Kxb1 66. d7 Kc2 67. d8Q b1Q 68. Qxb1+ Kxb1 69. Qd2 Ka1 70. Ke7 Kb1 71. f7 h5 72. f8Q 1-0

[Event "Voronezh op-B 13th"]
[Site "Voronezh"]
[Date "2009.06.14"]
[Round "3"]
[White "Likhoman, Mikhail"]
[Black "Filippov, Vladimir Mikhailovi"]
[Result "1/2-1/2"]
[WhiteElo "2184"]
[BlackElo "1962"]
[PlyCount "36"]
[EventDate "2009.06.12"]
[EventType "swiss"]
[EventRounds "9"]
[EventCountry "RUS"]
[SourceTitle "CBM 130 Extra"]
[Source "ChessBase"]
[SourceDate "2009.07.02"]
[SourceVersion "2"]
[SourceVersionDate "2009.07.15"]
[SourceQuality "1"]

1. d4 d6 2. Nf3 Nf6 3. c4 Nbd7 4. Nc3 e5 5. e4 Be7 6. Be2 0-0 7. 0-0 c6 8. Qc2 Qc7 9. h3 a5 10. Be3 Re8 11. a3 h6 12. b4 axb4 13. axb4 Rxa1 14. Rxa1 d5 15. dxe5 Nxe4 16. c5 Nxe5 17. Nxe4 Nxf3+ 18. Bxf3 dxe4 1/2-1/2

[Event "Voronezh op-B 13th"]
[Site "Voronezh"]
[Date "2009.06.13"]
[Round "2"]
[White "Okun, Evgeny"]
[Black "Likhoman, Mikhail"]
[Result "1-0"]
[WhiteElo "2066"]
[BlackElo "2184"]
[PlyCount "59"]
[EventDate "2009.06.12"]
[EventType "swiss"]
[EventRounds "9"]
[EventCountry "RUS"]
[SourceTitle "CBM 130 Extra"]
[Source "ChessBase"]
[SourceDate "2009.07.02"]
[SourceVersion "2"]
[SourceVersionDate "2009.07.15"]
[SourceQuality "1"]

1. c4 e5 2. g3 Nc6 3. Bg2 Nf6 4. Nc3 d6 5. d3 Be6 6. Nd5 h6 7. Rb1 Be7 8. e3 Qd7 9. b4 0-0 10. Ne2 Nd8 11. 0-0 c6 12. Nxe7+ Qxe7 13. f4 e4 14. f5 exd3 15. Qxd3 Bd7 16. e4 a5 17. b5 Ne8 18. a4 cxb5 19. cxb5 Rc8 20. Nf4 Nf6 21. Ba3 Rc5 22. Bxc5 dxc5 23. Nd5 Nxd5 24. Qxd5 b6 25. Rfd1 Bc8 26. Qd6 Qa7 27. e5 Bb7 28. Qc7 Qa8 29. Bxb7 Nxb7 30. e6 1-0

[Event "Saratov-ch"]
[Site "Saratov"]
[Date "2009.03.02"]
[Round "4"]
[White "Likhoman, Mikhail"]
[Black "Pasiev, Rakhim"]
[Result "0-1"]
[WhiteElo "2217"]
[BlackElo "2152"]
[PlyCount "96"]
[EventDate "2009.02.26"]
[EventType "swiss"]
[EventRounds "9"]
[EventCountry "RUS"]
[SourceTitle "CBM 129 Extra"]
[Source "ChessBase"]
[SourceDate "2009.05.05"]
[SourceVersion "2"]
[SourceVersionDate "2009.05.20"]
[SourceQuality "1"]

1. d4 e6 2. c4 f5 3. Nf3 Nf6 4. Nc3 Bb4 5. e3 b6 6. Bd3 Bb7 7. 0-0 Bxc3 8. bxc3 0-0 9. a4 d6 10. a5 Nbd7 11. d5 exd5 12. cxd5 Bxd5 13. Bxf5 Nc5 14. Bc2 Qe8 15. Nd4 Bc4 16. Re1 Nfe4 17. f3 Nxc3 18. Qd2 Nd5 19. Bb2 Nf6 20. e4 Qf7 21. Nf5 Be6 22. e5 dxe5 23. Rxe5 Rad8 24. Qg5 Bxf5 25. Bxf5 Rfe8 26. Rxe8+ Rxe8 27. Rc1 Qe7 28. Bd4 Qd6 29. Bc3 Ne6 30. Bxe6+ Rxe6 31. f4 Qa3 32. Rc2 Qb3 33. Rc1 Rc6 34. Qe5 Qd5 35. Re1 Qxe5 36. Bxe5 b5 37. h3 Kf7 38. g4 Rc2 39. Rd1 Ke6 40. Rd8 g5 41. Ra8 Nd5 42. Rxa7 gxf4 43. Bd4 f3 44. a6 Nf4 45. Be3 Rg2+ 46. Kf1 Ne2 47. Bf2 Rh2 48. Be3 Ng3+ 0-1

[Event "Saratov-ch"]
[Site "Saratov"]
[Date "2009.02.27"]
[Round "2"]
[White "Likhoman, Mikhail"]
[Black "Brekhov, Denis"]
[Result "1-0"]
[WhiteElo "2217"]
[BlackElo "2015"]
[PlyCount "71"]
[EventDate "2009.02.26"]
[EventType "swiss"]
[EventRounds "9"]
[EventCountry "RUS"]
[SourceTitle "CBM 129 Extra"]
[Source "ChessBase"]
[SourceDate "2009.05.05"]
[SourceVersion "2"]
[SourceVersionDate "2009.05.20"]
[SourceQuality "1"]

1. d4 d5 2. Nf3 e6 3. c4 c6 4. Qc2 f5 5. Bf4 Nf6 6. e3 Be7 7. Nc3 0-0 8. Bd3 Ne4 9. g4 Na6 10. a3 Qa5 11. Ke2 Qd8 12. Rhg1 Bd6 13. Bxd6 Qxd6 14. gxf5 exf5 15. cxd5 Nxc3+ 16. bxc3 cxd5 17. Rg5 h6 18. Rg2 Be6 19. Rag1 g5 20. Nxg5 hxg5 21. Rxg5+ Kf7 22. Bxf5 Nc7 23. Bxe6+ Nxe6 24. Qh7+ Ke8 25. Qh5+ Ke7 26. Re5 Qa6+ 27. Ke1 Qxa3 28. Rxe6+ Kxe6 29. Qe5+ Kd7 30. Rg7+ Kc6 31. Qc7+ Kb5 32. Qxb7+ Ka4 33. Qa6+ Kb3 34. Rb7+ Ka2 35. Qe2+ Ka1 36. Qd1+ 1-0

[Event "Moscow op-B"]
[Site "Moscow"]
[Date "2009.02.06"]
[Round "7"]
[White "Likhoman, Mikhail"]
[Black "Gankin, Stanislav"]
[Result "1-0"]
[WhiteElo "2217"]
[BlackElo "2275"]
[PlyCount "63"]
[EventDate "2009.01.31"]
[EventType "swiss"]
[EventRounds "9"]
[EventCountry "RUS"]
[SourceTitle "EXT 2012"]
[Source "ChessBase"]
[SourceDate "2011.11.24"]
[SourceVersion "1"]
[SourceVersionDate "2011.11.24"]
[SourceQuality "1"]

1. Nf3 Nf6 2. c4 e6 3. Nc3 d5 4. d4 Bb4 5. e3 0-0 6. Bd3 c5 7. a3 cxd4 8. axb4 dxc3 9. 0-0 dxc4 10. Bxc4 Qxd1 11. Rxd1 c2 12. Rd2 Nc6 13. b5 Nb4 14. b3 a5 15. bxa6 bxa6 16. Ba3 a5 17. Ne1 Bb7 18. Nxc2 Ne4 19. Re2 Nc3 20. Rd2 Ne4 21. Re2 Nc3 22. Rd2 Be4 23. Bxb4 axb4 24. Rxa8 Rxa8 25. Nxb4 Ra1+ 26. Bf1 Kf8 27. f3 Bd5 28. Nxd5 Nxd5 29. Kf2 Nxe3 30. Kxe3 Rxf1 31. Kd4 Ke7 32. b4 1-0

[Event "Moscow op-B"]
[Site "Moscow"]
[Date "2009.02.05"]
[Round "6"]
[White "Polonskiy, Pavel"]
[Black "Likhoman, Mikhail"]
[Result "0-1"]
[WhiteElo "2111"]
[BlackElo "2217"]
[PlyCount "62"]
[EventDate "2009.01.31"]
[EventType "swiss"]
[EventRounds "9"]
[EventCountry "RUS"]
[SourceTitle "EXT 2012"]
[Source "ChessBase"]
[SourceDate "2011.11.24"]
[SourceVersion "1"]
[SourceVersionDate "2011.11.24"]
[SourceQuality "1"]

1. d4 Nf6 2. Nf3 e6 3. c4 b6 4. g3 Ba6 5. b3 Bb4+ 6. Bd2 Be7 7. Bg2 c6 8. 0-0 0-0 9. Qc2 d5 10. Bg5 Nbd7 11. Nbd2 h6 12. Bxf6 Nxf6 13. Rfd1 Rc8 14. Qb2 Qd6 15. Rac1 Rfd8 16. c5 bxc5 17. dxc5 Qc7 18. Nd4 Nd7 19. Qa3 Qb7 20. e4 Bf6 21. exd5 Bxd4 22. dxc6 Rxc6 23. Ne4 e5 24. Qa4 Qb5 25. Rxd4 exd4 26. Qxd4 Qd3 27. Qa4 Re6 28. c6 Nb6 29. Qb4 Rd4 30. Qc5 Rdxe4 31. Bf1 Re1 0-1

[Event "Saratov Rating 01"]
[Site "Saratov"]
[Date "2009.01.24"]
[Round "5"]
[White "Avdeeva, Veronika"]
[Black "Likhoman, Mikhail"]
[Result "1/2-1/2"]
[WhiteElo "2120"]
[BlackElo "2217"]
[PlyCount "34"]
[EventDate "2009.01.20"]
[EventType "tourn"]
[EventRounds "7"]
[EventCountry "RUS"]
[SourceTitle "EXT 2022"]
[Source "ChessBase"]
[SourceDate "2021.10.06"]
[SourceVersion "1"]
[SourceVersionDate "2021.10.06"]
[SourceQuality "1"]

1. d4 Nf6 2. c4 g6 3. Nc3 d6 4. e4 Bg7 5. Nf3 0-0 6. Be2 e5 7. dxe5 dxe5 8. Qxd8 Rxd8 9. Bg5 Re8 10. 0-0-0 Nc6 11. h3 h6 12. Be3 Be6 13. Rd2 Rad8 14. Rxd8 Nxd8 15. Kc2 Nd7 16. g4 a6 17. b3 Kf8 1/2-1/2

[Event "Saratov Rating 01"]
[Site "Saratov"]
[Date "2009.01.23"]
[Round "4"]
[White "Likhoman, Mikhail"]
[Black "Pasiev, Rakhim"]
[Result "1/2-1/2"]
[WhiteElo "2217"]
[BlackElo "2152"]
[PlyCount "32"]
[EventDate "2009.01.20"]
[EventType "tourn"]
[EventRounds "7"]
[EventCountry "RUS"]
[SourceTitle "EXT 2022"]
[Source "ChessBase"]
[SourceDate "2021.10.06"]
[SourceVersion "1"]
[SourceVersionDate "2021.10.06"]
[SourceQuality "1"]

1. d4 Nf6 2. c4 e6 3. Nc3 b6 4. Nf3 Bb7 5. e3 Bb4 6. Bd3 Bxc3+ 7. bxc3 Ne4 8. 0-0 Nxc3 9. Qc2 Bxf3 10. gxf3 Qg5+ 11. Kh1 Qh5 12. Rg1 Qxf3+ 13. Rg2 f5 14. Qxc3 Qd1+ 15. Rg1 Qf3+ 16. Rg2 Qd1+ 1/2-1/2

[Event "Saratov Rating 01"]
[Site "Saratov"]
[Date "2009.01.20"]
[Round "1"]
[White "Smirnov, Alexandr A"]
[Black "Likhoman, Mikhail"]
[Result "1/2-1/2"]
[WhiteElo "2161"]
[BlackElo "2217"]
[PlyCount "22"]
[EventDate "2009.01.20"]
[EventType "tourn"]
[EventRounds "7"]
[EventCountry "RUS"]
[SourceTitle "EXT 2022"]
[Source "ChessBase"]
[SourceDate "2021.10.06"]
[SourceVersion "1"]
[SourceVersionDate "2021.10.06"]
[SourceQuality "1"]

1. e4 e5 2. f4 d5 3. exd5 e4 4. d3 Nf6 5. Nc3 Bb4 6. Bd2 0-0 7. dxe4 Bxc3 8. Bxc3 Nxe4 9. Nf3 Nxc3 10. bxc3 Re8+ 11. Be2 Qe7 1/2-1/2

[Event "Saratov"]
[Site "Saratov"]
[Date "2008.08.20"]
[Round "10"]
[White "Lavretzkij, Roman"]
[Black "Likhoman, Mikhail"]
[Result "1/2-1/2"]
[WhiteElo "2346"]
[BlackElo "2253"]
[PlyCount "28"]
[EventDate "2008.08.11"]
[EventType "tourn"]
[EventRounds "11"]
[EventCountry "RUS"]
[EventCategory "4"]
[SourceTitle "EXT 2010"]
[Source "ChessBase"]
[SourceDate "2010.11.25"]
[SourceVersion "1"]
[SourceVersionDate "2010.11.25"]
[SourceQuality "1"]

1. c4 e5 2. Nc3 d6 3. Nf3 Nf6 4. d3 Nc6 5. g3 g6 6. Bg2 Bg7 7. 0-0 0-0 8. Rb1 a5 9. a3 h6 10. b4 axb4 11. axb4 Be6 12. b5 Ne7 13. Bd2 c6 14. bxc6 bxc6 1/2-1/2

[Event "Saratov"]
[Site "Saratov"]
[Date "2008.08.19"]
[Round "9"]
[White "Likhoman, Mikhail"]
[Black "Cherepov, Alexej"]
[Result "1/2-1/2"]
[WhiteElo "2253"]
[BlackElo "2218"]
[PlyCount "20"]
[EventDate "2008.08.11"]
[EventType "tourn"]
[EventRounds "11"]
[EventCountry "RUS"]
[EventCategory "4"]
[SourceTitle "EXT 2010"]
[Source "ChessBase"]
[SourceDate "2010.11.25"]
[SourceVersion "1"]
[SourceVersionDate "2010.11.25"]
[SourceQuality "1"]

1. Nf3 Nf6 2. g3 g6 3. Bg2 Bg7 4. 0-0 0-0 5. c4 c6 6. d4 d5 7. cxd5 cxd5 8. Nc3 Nc6 9. Ne5 e6 10. Nxc6 bxc6 1/2-1/2

[Event "Saratov"]
[Site "Saratov"]
[Date "2008.08.14"]
[Round "4"]
[White "Biryukov, Dmitriy"]
[Black "Likhoman, Mikhail"]
[Result "1-0"]
[WhiteElo "2337"]
[BlackElo "2253"]
[PlyCount "85"]
[EventDate "2008.08.11"]
[EventType "tourn"]
[EventRounds "11"]
[EventCountry "RUS"]
[EventCategory "4"]
[SourceTitle "EXT 2010"]
[Source "ChessBase"]
[SourceDate "2010.11.25"]
[SourceVersion "1"]
[SourceVersionDate "2010.11.25"]
[SourceQuality "1"]

1. e4 c5 2. Nf3 e6 3. d4 cxd4 4. Nxd4 a6 5. Nc3 b5 6. Be3 Bb7 7. f3 Qc7 8. Qd2 Nf6 9. g4 h6 10. 0-0-0 Nc6 11. h4 Rc8 12. Nxc6 Bxc6 13. Bd3 d5 14. Bf4 Qb7 15. g5 dxe4 16. fxe4 Ng4 17. gxh6 gxh6 18. h5 Bc5 19. Rhf1 e5 20. Qe2 exf4 21. Qxg4 Be3+ 22. Kb1 Kf8 23. Qf5 Re8 24. Qf6 Rh7 25. e5 Rg7 26. Qxh6 Re6 27. Qh8+ Rg8 28. Qh7 Rxe5 29. Bf5 Qc7 30. Qh6+ Ke7 31. Bg6 b4 32. Qh7 Rf8 33. Ne2 Bg2 34. Rxf4 Bxf4 35. Nxf4 Bf3 36. Rc1 Ra5 37. Nd3 Kd8 38. Be4 Bxe4 39. Qxe4 Rxh5 40. Nxb4 Rc5 41. Rd1+ Kc8 42. Qa8+ Qb8 43. Qxb8+ 1-0

[Event "Saratov region op"]
[Site "Saratov"]
[Date "2008.05.31"]
[Round "2"]
[White "Lushenkov, Mikhail M"]
[Black "Likhoman, Mikhail"]
[Result "1-0"]
[WhiteElo "2434"]
[BlackElo "2174"]
[PlyCount "47"]
[EventDate "2008.05.30"]
[EventType "swiss"]
[EventRounds "9"]
[EventCountry "RUS"]
[SourceTitle "CBM 124 Extra"]
[Source "ChessBase"]
[SourceDate "2008.07.03"]
[SourceVersion "1"]
[SourceVersionDate "2008.07.03"]
[SourceQuality "1"]

1. c4 e5 2. Nc3 Nc6 3. Nf3 g6 4. d4 exd4 5. Nxd4 Bg7 6. Nxc6 bxc6 7. g3 Ne7 8. Bg2 0-0 9. 0-0 d6 10. Qa4 Bd7 11. Rd1 Qc8 12. Qa5 Re8 13. b3 Nf5 14. Bb2 Rb8 15. e3 h5 16. Na4 h4 17. Bxg7 Nxg7 18. Nc3 Re5 19. Qxa7 Nf5 20. Qa3 hxg3 21. hxg3 Nh6 22. Rd4 c5 23. Re4 Rg5 24. Nd5 1-0

[Event "Saratov Rating 05-A"]
[Site "Saratov"]
[Date "2008.05.22"]
[Round "9"]
[White "Avdeeva, Veronika"]
[Black "Likhoman, Mikhail"]
[Result "0-1"]
[WhiteElo "2133"]
[BlackElo "2174"]
[PlyCount "46"]
[EventDate "2008.05.13"]
[EventType "tourn"]
[EventRounds "10"]
[EventCountry "RUS"]
[SourceTitle "EXT 2022"]
[Source "ChessBase"]
[SourceDate "2021.10.06"]
[SourceVersion "1"]
[SourceVersionDate "2021.10.06"]
[SourceQuality "1"]

1. d4 Nf6 2. c4 e6 3. Nc3 d5 4. cxd5 exd5 5. Bg5 Be7 6. e3 0-0 7. Qc2 c5 8. dxc5 Be6 9. Bd3 h6 10. Bf4 Bxc5 11. Nf3 Nc6 12. a3 d4 13. exd4 Nxd4 14. Nxd4 Qxd4 15. Bg3 Bb3 16. Qxb3 Qxd3 17. Qd1 Rfe8+ 18. Ne2 Rxe2+ 19. Qxe2 Re8 20. Be5 Rxe5 21. Qxe5 Bxf2+ 22. Kxf2 Ng4+ 23. Kg1 Nxe5 0-1

[Event "Saratov Rating 05-A"]
[Site "Saratov"]
[Date "2008.05.21"]
[Round "8"]
[White "Makalov, Denis"]
[Black "Likhoman, Mikhail"]
[Result "1/2-1/2"]
[WhiteElo "2169"]
[BlackElo "2174"]
[PlyCount "86"]
[EventDate "2008.05.13"]
[EventType "tourn"]
[EventRounds "10"]
[EventCountry "RUS"]
[SourceTitle "EXT 2022"]
[Source "ChessBase"]
[SourceDate "2021.10.06"]
[SourceVersion "1"]
[SourceVersionDate "2021.10.06"]
[SourceQuality "1"]

1. e4 c5 2. Nf3 e6 3. d4 cxd4 4. Nxd4 a6 5. Be2 Qc7 6. 0-0 Nc6 7. Be3 Nf6 8. Nd2 b5 9. a4 b4 10. N4b3 Be7 11. f4 Bb7 12. a5 0-0 13. Bd3 d6 14. Qf3 e5 15. f5 Na7 16. g4 d5 17. g5 dxe4 18. Nxe4 Nxe4 19. Bxe4 Bxe4 20. Qxe4 Rfc8 21. f6 Bf8 22. Rf2 Nb5 23. Bb6 Qc4 24. Qxe5 Re8 25. Qf4 Re4 26. Qf3 Rae8 27. h3 Qd5 28. Raf1 g6 29. Nd2 R4e5 30. Qxd5 Rxd5 31. Nf3 Nd6 32. Rd2 Rxd2 33. Nxd2 Re5 34. Nf3 Rf5 35. h4 Nc4 36. Bd4 h6 37. Kg2 hxg5 38. hxg5 Rxa5 39. b3 Nd6 40. Re1 Kh7 41. Rh1+ Kg8 42. Re1 Kh7 43. Rh1+ Kg8 1/2-1/2